|
|
|
|
| LEADER |
00000nab a2200000 a 4500 |
| 001 |
vtls000509437 |
| 003 |
SK-MaSNL |
| 005 |
20260304095211.0 |
| 008 |
250425c1994 xo 0 slo |
| 015 |
|
|
|a SNBRB19rr/mm-uuuuu
|
| 035 |
|
|
|a CL0509575
|
| 035 |
|
|
|a urn:nbn:sk:snk-ab7b6t
|
| 035 |
|
|
|a (uuid)0f150f8e-699f-4d47-b7f3-8c884d580b11
|
| 035 |
|
|
|a (urnnbn)urn:nbn:sk:snk:ar-a07en7
|
| 035 |
|
|
|a (sysno)vtls000509437
|
| 040 |
|
|
|a SNKBUCL
|b slo
|c SNKBUCL
|e AACR2
|
| 041 |
0 |
|
|a slo
|
| 044 |
|
|
|a xo
|c SK
|
| 080 |
|
|
|a 327(100)(091)"1945/1989"
|2 1981
|
| 100 |
1 |
|
|a Petruf, Pavol,
|d 1946-
|4 aut
|9 102871
|
| 245 |
1 |
0 |
|a Partos, G.: The World that Came in from the Cold. Perspectives from East and West on the Cold War
|c Pavol Petruf
|
| 650 |
0 |
7 |
|a medzinárodná politika
|2 snkbucl
|9 4293
|
| 655 |
|
7 |
|a články z novín a časopisov
|2 snkbucl
|9 267496
|
| 700 |
1 |
|
|a Partos, Gabriel,
|d 1955-
|4 aut
|9 154705
|
| 773 |
0 |
|
|t Medzinárodné otázky
|g Roč. 3, č. 1 (1994), s. 112-117
|x 1210-1583
|
| 787 |
0 |
8 |
|i Rec.:
|a Partos, G.
|t The World that Came in from the Cold. Perspectives from East and West on the Cold War
|d London : Royal Institute of International Affairs, 1993
|
| 850 |
|
|
|a Slovenská národná knižnica
|
| 852 |
|
|
|a Slovenská národná knižnica
|
| 954 |
|
|
|a odborná, vedecká literatúra pôvodná (slovenská)
|2 lita
|
| 958 |
|
|
|a article2022
|
| 958 |
|
|
|a OND
|
| 958 |
|
|
|a RK
|
| 958 |
|
|
|a EUIPO
|
| 992 |
|
|
|a RBX
|
| 999 |
|
|
|c 2831349
|d 2833279
|